1 and 2 Kings, 1 and 2 Chronicles / (Record no. 11180)

MARC details
000 -LEADER
fixed length control field 00663nam a22002057a 4500
003 - CONTROL NUMBER IDENTIFIER
control field GBCCL
005 - DATE AND TIME OF LATEST TRANSACTION
control field 20260318140832.0
008 - FIXED-LENGTH DATA ELEMENTS--GENERAL INFORMATION
fixed length control field 260318b |||||||| |||| 00| 0 eng d
020 ## - INTERNATIONAL STANDARD BOOK NUMBER
International Standard Book Number 9780913573884
020 ## - INTERNATIONAL STANDARD BOOK NUMBER
International Standard Book Number 0913573884
040 ## - CATALOGING SOURCE
Transcribing agency GBC
082 ## - DEWEY DECIMAL CLASSIFICATION NUMBER
Classification number 221.7
Item number KEI 1
245 ## - TITLE STATEMENT
Title 1 and 2 Kings, 1 and 2 Chronicles /
Statement of responsibility, etc. Carl Friedrich Keil, Franz Delitzsch
260 ## - PUBLICATION, DISTRIBUTION, ETC.
Place of publication, distribution, etc. Peabody, Mass.,
Name of publisher, distributor, etc. Hendrickson Publishers,
Date of publication, distribution, etc. 2011
300 ## - PHYSICAL DESCRIPTION
Extent ix, 724 pages ;
Dimensions 23 cm
490 ## - SERIES STATEMENT
Series statement Commentary on the Old Testament / by C.F. Keil and F. Delitzsch,
Volume/sequential designation 3
650 ## - SUBJECT ADDED ENTRY--TOPICAL TERM
Topical term or geographic name entry element Bible
Form subdivision Chronicles
General subdivision Commentaries
650 ## - SUBJECT ADDED ENTRY--TOPICAL TERM
Topical term or geographic name entry element Bible
Form subdivision Kings
General subdivision Commentaries
942 ## - ADDED ENTRY ELEMENTS (KOHA)
Source of classification or shelving scheme Dewey Decimal Classification
Koha item type Reference Books
Suppress in OPAC No
Holdings
Withdrawn status Lost status Source of classification or shelving scheme Damaged status Not for loan Home library Current Library Shelving location Date acquired Total checkouts Full call number Barcode Date last seen Copy number Price effective from Koha item type
    Dewey Decimal Classification     GRACE BIBLE COLLEGE GRACE BIBLE COLLEGE Commentary 2026-03-18   221.7 KEI 017463 2026-03-18 v.3 2026-03-18 Reference Books
© Grace Bible College Library 2025